| 000 | 00534nam a22001457a 4500 | ||
|---|---|---|---|
| 003 | OSt | ||
| 005 | 20150910114427.0 | ||
| 008 | 150910b xxu||||| |||| 00| 0 eng d | ||
| 040 | _cRUA | ||
| 082 | _aAGR អន 1995 BOO11 Or.1 | ||
| 245 | _aINSECT RESEACH STUDY DESTROYED RICE CROP, សិក្សាស្រាវជ្រាវអំពីសត្វល្អិតចង្រៃដែលបំផ្លាញដំណាំស្រូវ | ||
| 260 |
_aPHNOMPHEN _bRUA _c1995 |
||
| 300 |
_a103P. _bILL. _c29CM. |
||
| 942 |
_2ddc _cAGR |
||
| 999 |
_c214 _d214 |
||